<?xml version="1.0" encoding="UTF-8"?><?xml-stylesheet type="text/xsl" href="static/style.xsl"?><OAI-PMH xmlns="http://www.openarchives.org/OAI/2.0/" xmlns:xsi="http://www.w3.org/2001/XMLSchema-instance" xsi:schemaLocation="http://www.openarchives.org/OAI/2.0/ http://www.openarchives.org/OAI/2.0/OAI-PMH.xsd"><responseDate>2026-04-17T10:26:15Z</responseDate><request verb="GetRecord" identifier="oai:riubu.ubu.es:10259/7586" metadataPrefix="marc">https://riubu.ubu.es/oai/request</request><GetRecord><record><header><identifier>oai:riubu.ubu.es:10259/7586</identifier><datestamp>2023-04-10T12:44:46Z</datestamp><setSpec>com_10259_3924</setSpec><setSpec>com_10259_5086</setSpec><setSpec>com_10259_2604</setSpec><setSpec>com_10259_4313</setSpec><setSpec>col_10259_3925</setSpec><setSpec>col_10259_4314</setSpec></header><metadata><record xmlns="http://www.loc.gov/MARC21/slim" xmlns:doc="http://www.lyncode.com/xoai" xmlns:xsi="http://www.w3.org/2001/XMLSchema-instance" xmlns:dcterms="http://purl.org/dc/terms/" xsi:schemaLocation="http://www.loc.gov/MARC21/slim http://www.loc.gov/standards/marcxml/schema/MARC21slim.xsd">
<leader>00925njm 22002777a 4500</leader>
<datafield tag="042" ind1=" " ind2=" ">
<subfield code="a">dc</subfield>
</datafield>
<datafield tag="720" ind1=" " ind2=" ">
<subfield code="a">Guirado Moreno, José Carlos</subfield>
<subfield code="e">author</subfield>
</datafield>
<datafield tag="720" ind1=" " ind2=" ">
<subfield code="a">Carreira Barral, Israel</subfield>
<subfield code="e">author</subfield>
</datafield>
<datafield tag="720" ind1=" " ind2=" ">
<subfield code="a">Ibeas Cortes, Saturnino</subfield>
<subfield code="e">author</subfield>
</datafield>
<datafield tag="720" ind1=" " ind2=" ">
<subfield code="a">García Pérez, José Miguel</subfield>
<subfield code="e">author</subfield>
</datafield>
<datafield tag="720" ind1=" " ind2=" ">
<subfield code="a">Granès, Daniel</subfield>
<subfield code="e">author</subfield>
</datafield>
<datafield tag="720" ind1=" " ind2=" ">
<subfield code="a">Marchet, Nicolas</subfield>
<subfield code="e">author</subfield>
</datafield>
<datafield tag="720" ind1=" " ind2=" ">
<subfield code="a">Vallejos Calzada, Saúl</subfield>
<subfield code="e">author</subfield>
</datafield>
<datafield tag="260" ind1=" " ind2=" ">
<subfield code="c">2023-03</subfield>
</datafield>
<datafield tag="520" ind1=" " ind2=" ">
<subfield code="a">Quality control in the food industry is of the upmost importance from the food safety, organoleptic and commercial viewpoints. Accordingly, the development of in situ, rapid, and costless analytical tools is a valuable task in which we are working. Regarding this point, the copper content of grape must has to be determined by wineries along the wine production process. For this purpose, grape must samples are sent to laboratories where the copper content is measured usually by flame atomic absorption spectrometry or by inductively coupled plasma mass spectrometry. We herein propose a straightforward, rapid, and inexpensive methodology based both on a film-shaped colorimetric polymer sensor and a smartphone method that at the same time can be used by unskilled personnel. The sensory polymer films change their color upon dipping them on the grape must, and the color evolution is analyzed using the digital color parameters of a picture taken to the film with a smartphone. Furthermore, the analytical procedure is automatically carried out by a smartphone app. The limit of detection of copper of the polymer sensor is 0.08 ppm. Following this approach, 18 production samples coming from the French Groupe ICV company were studied. The copper content of the samples was analyzed by the usual procedure carried out by the company (flame atomic absorption spectrometry) and by the method proposed in this work, ranging this content from 0.41 to 6.08 ppm. The statistical study showed that the results of both methods are fully consistent, showing the validity of the proposed method for the determination of copper in grape must within the frame of wine production wineries and industries.</subfield>
</datafield>
<datafield tag="024" ind2=" " ind1="8">
<subfield code="a">1944-8244</subfield>
</datafield>
<datafield tag="024" ind2=" " ind1="8">
<subfield code="a">http://hdl.handle.net/10259/7586</subfield>
</datafield>
<datafield tag="024" ind2=" " ind1="8">
<subfield code="a">10.1021/acsami.3c00395</subfield>
</datafield>
<datafield tag="024" ind2=" " ind1="8">
<subfield code="a">36939579</subfield>
</datafield>
<datafield tag="024" ind2=" " ind1="8">
<subfield code="a">1944-8252</subfield>
</datafield>
<datafield ind1=" " ind2=" " tag="653">
<subfield code="a">Copper detection</subfield>
</datafield>
<datafield ind1=" " ind2=" " tag="653">
<subfield code="a">Grape must</subfield>
</datafield>
<datafield ind1=" " ind2=" " tag="653">
<subfield code="a">Wine industry</subfield>
</datafield>
<datafield ind1=" " ind2=" " tag="653">
<subfield code="a">Sensory polymers</subfield>
</datafield>
<datafield ind1=" " ind2=" " tag="653">
<subfield code="a">Colorimetry</subfield>
</datafield>
<datafield ind1=" " ind2=" " tag="653">
<subfield code="a">RGB parameters</subfield>
</datafield>
<datafield tag="245" ind1="0" ind2="0">
<subfield code="a">Democratization of Copper Analysis in Grape Must Following a Polymer-Based Lab-on-a-Chip Approach</subfield>
</datafield>
</record></metadata></record></GetRecord></OAI-PMH>